00614nam a2200193Ia 4500008004100000020001400041082001500055100002400070245004400094250000700138260004500145300004100190500001900231600002700250650001500277942000700292952010600299999001500405240925s9999 xx 000 0 und d a130955027 a621.39 BOU aBout ,Dave Van Den 4aThe Practical Xilinx Designer Lab Book  aNA aNew Jersey:bPrintice- Hall Int.c,1997. axii,540p.bNAfInternational Edition aIncludes Index aElectrical Engineering aTechnology cBK 001040708ELaUITUbUITUd2001-02-04eNAl0o621.39 BOUpQ3685r2024-09-25 07:13:14w2024-09-25yBK c6184d6184